000 00708nam a2200193 i 4500
001 129081
003 ES-MaACL
005 20250820122808.0
007 t|
008 070605s1961 sp ||||1| cat d
100 1 _aTeixido y Balcells, José.
_9109537
245 1 3 _aEl mausoleo de Ramón Folch de Cardona /
_cpor José Teixido Balcells ; presentacio per Josep Pont Gol ; prólogo por Salvador Castellvi Oller.
260 _aLérida (Poblet) :
_b[s.n.],
_c1961 (
_eImp. Monástica)
300 _aXXII, 176 p., 4 h. :
_bil. ;
_c22 cm.
700 1 _aPont i Gol, Josep,
_d1907-1995
_993042
700 1 _aCastellvi Oller, Salvador.
_936607
852 _aES-MaACL
_jF-360
_bR.48084
999 _c129081
_d129081